000 01175nam a22002897a 4500
999 _c113462
_d113462
003 dpl
005 20180927140107.0
008 180919b ||||| |||| 00| 0 eng d
010 _aB-037833
020 _c125.00
_a8171196071
035 _aB-037833, B-037855, B-037854
037 _bCen Lib/Ret
040 _aDPL
_bHN
_c0
082 _a
_bमहाश्वे
100 _aमहाश्वेता देवी
_952337
245 _aबनिया बहू /
_cमहाश्वेता देवी; अनुवाद महेश्वर
246 _aBaniya bahoo /
_bby Mahashweta Devi; anuvad Maheshwar
260 _a दिल्ली
_bभूमिका प्रकाशन
_c2000
270 _bदिल्ली
_aजी-१७, जगतपुरी
_e110051
300 _a130पृ.
_c20सेमी(सजिल्द )
650 _aहिंदी साहित्य
_x
_z
_952338
650 _aहिंदी कहानियां
_92082
650 _aHindi literature
_v
_952339
650 _aHindi stories
_952340
700 _aमहेश्वर
_952341
942 _2ddc
_cHN
_h
_mमहाश्वे